|
|
|
|
| LEADER |
01373cam a2200337Ia 4500 |
| 001 |
9780203017432 |
| 003 |
FlBoTFG |
| 005 |
20091230162920.0 |
| 006 |
a|||||s||||||||||| |
| 007 |
cr|||| |
| 008 |
971020s1998 enk sb 001 0 eng d |
| 020 |
|
|
|a 9780203017432 (e-book : PDF)
|
| 040 |
|
|
|a FlBoTFG
|c FlBoTFG
|d GrThAP
|
| 043 |
|
|
|a aw-----
|a ff-----
|a e-sp---
|
| 090 |
|
|
|a DS36.82.G7
|b G88 1998
|
| 092 |
|
|
|a 909.0974927
|b G983
|
| 100 |
1 |
|
|a Gutas, Dimitri.
|
| 245 |
1 |
0 |
|a Greek thought, Arabic culture
|h [electronic resource] :
|b the Graeco-Arabic translation movement in Baghdad and early °Abbåasid society (2nd-4th/8th-10th centuries) /
|c Dimitri Gutas.
|
| 260 |
|
|
|a London ;
|a New York :
|b Routledge,
|c 1998.
|
| 300 |
|
|
|a xvii, 230 p.
|
| 504 |
|
|
|a Includes bibliographical references (p. 197-215) and indexes.
|
| 530 |
|
|
|a Also available in print edition.
|b CRC Press (http://www.crcpress.com)
|
| 538 |
|
|
|a Mode of access: World Wide Web.
|
| 650 |
|
0 |
|a Civilization, Arab
|x Greek influences.
|
| 650 |
|
0 |
|a Greek language
|x Translating into Arabic
|x History.
|
| 650 |
|
0 |
|a Translating and interpreting
|z Islamic Empire.
|
| 651 |
|
0 |
|a Islamic Empire
|x Intellectual life.
|
| 651 |
|
0 |
|a Islamic Empire
|x History
|y 750-1258.
|
| 655 |
|
7 |
|a Electronic books.
|2 lcsh
|
| 776 |
1 |
|
|z 9780415061322
|
| 856 |
4 |
0 |
|u http://www.tandfebooks.com/isbn/9780203017432
|z Full Text via HEAL-Link
|